Countries by Internet TLD - Statistics

General Stats
  • This quiz has been taken 166 times
  • The average score is 12 of 15
Answer Stats
TLD Country Explanation % Correct
.us United States Abbreviation of "United States"
96%
.jp Japan First and third letter
95%
.ca Canada First two letters
93%
.iq Iraq First and last letters
93%
.th Thailand First two letters
89%
European Union .eu Used by government officials
88%
.mx Mexico First and third letter
87%
.ve Venezuela First two letters
85%
.ph Philippines First two letters
84%
.cn China First and second last letter
81%
Soviet Union .su Still in use today
74%
.bz Belize First and second last letters
70%
.my Malaysia First and fifth letter
67%
.gy Guyana First and third letter
60%
Antarctica .aq Used below 60 degrees south
33%
No matching quizzes found
Score Distribution
Percent of People with Each Score
Percentile by Number Answered
Your Score History
You have not taken this quiz